00638nam a22002297a 4500003000200000005001700002008000200019010001300021020002200034035002300056037001600079040001500095082001800110100002700128245004300155260005900198270004400257300002500301500003200326650002300358650002700381020180705153723.00 aB-192506 c00.00a0070603499 aB-192506, B-192507 bCen Lib/Ret aDPLbENc0 a621.3822bROR aRorabaugh, C. Britton  aDSP primer /cby C. Britton Rorabaugh  aNew Delhi bTata McGraw Hill Publishing Company c1999 bNew Delhi e110008a7 west patel nagar  axvi, 518p.c21cm(Hb) aIncludes appendix and index aSignal processing  aDigital techniques x